000 00666cam a22002293a 4500
001 19892
003 PGUSA
005 20140828083424.0
008 061121s2006||||xxu|||||s|||||000 | eng d
040 _aPGUSA
_beng
042 _adc
050 4 _aPS
100 1 _aRichards, Laura Elizabeth Howe,
_d1850-1943
245 1 4 _aThe Silver Crown :
_bAnother Book of Fables
_h[electronic resource] /
_cLaura Elizabeth Howe Richards
260 _bProject Gutenberg,
_c2006
506 _aPublic domain in the USA.
516 _aElectronic text
653 _aFables
830 0 _aProject Gutenberg
_v19892
856 4 0 _uhttp://www.gutenberg.org/ebooks/19892
942 _cEB
999 _c249147
_d249147